India: Krajina s dobrými hospodárskymi vyhliadkami

India bola v r. 1994 najväčším obchodným partnerom Slovenska spomedzi rozvojových krajín. Hlavné komodity. Ekonomická transformácia v Indii od r. 1991. Hospodárska politika. Predpoklad dynamického rastu indickej ekonomiky v najbližších rokoch.

Guardado en:
Detalles Bibliográficos
Autor principal: Nemčeková, V.
Formato: Capítulo de libro
Lenguaje:eslovaco
Materias:
Etiquetas: Agregar Etiqueta
Sin Etiquetas, Sea el primero en etiquetar este registro!

MARC

LEADER 00000naa a2200000 4500
001 r018638
005 20221213100836.6
041 0 |a slo 
044 |a SK 
245 1 0 |a India: Krajina s dobrými hospodárskymi vyhliadkami  |c V. Nemčeková 
520 |a India bola v r. 1994 najväčším obchodným partnerom Slovenska spomedzi rozvojových krajín. Hlavné komodity. Ekonomická transformácia v Indii od r. 1991. Hospodárska politika. Predpoklad dynamického rastu indickej ekonomiky v najbližších rokoch. 
610 2 0 |a India 
610 2 0 |a Slovensko 
610 2 0 |a obchod zahraničný 
610 2 0 |a transformácia 
610 2 0 |a politika hospodárska 
610 2 0 |a rast hospodársky dynamický 
610 2 0 |a 1991 
610 2 0 |a 1994 
610 2 0 |a situácia hospodárska 
610 2 0 |a vývoj hospodársky 
100 1 |a Nemčeková, V.